| 000 | 00855nam 22002533 4500 | ||
|---|---|---|---|
| 001 | 201200 | ||
| 021 |
_aPT _b96 741/96 |
||
| 090 | _a201200 | ||
| 100 | _a20260312d u||y0pory50 ba | ||
| 200 |
_aO jardim pintado _etrês montanhas e cinco montes« _fManuel Casimiro _gfotografia Manuel Aguiar ; tradução David Prescott |
||
| 205 | _a1ª | ||
| 210 |
_aLisboa _cMuseu do Chiado _d1996 |
||
| 215 |
_a47 p. _cil. ; brochado _d23 cm |
||
| 300 | _aDedicatória na folha de guarda | ||
| 305 | _aedição bilingue em Português e Inglês | ||
| 606 |
_92651 _aArtes Plásticas |
||
| 610 | _aExposição-- Manuel Casimiro | ||
| 675 |
_a061.4 _vPT _zpor |
||
| 675 |
_a73 Casimiro, Manuel _vPT _zpor |
||
| 700 |
_916811 _aCasimiro _bManuel _f1941- |
||
| 702 |
_916812 _aAguiar _bManuel |
||
| 702 |
_915946 _aPrescott _bDavid _f1961- |
||
| 801 |
_aPT _bBMMN _gRPC |
||
| 990 | _cLIVROS | ||